[Event "World Chess Olympiad 2018"]
[Site "Batumi"]
[Date "2018.10.01"]
[Round "7"]
[Board "4"]
[WhiteFideId "13300865"]
[White "Hovhannisyan Mher"]
[BlackFideId "3503313"]
[Black "Almeida Quintana Omar"]
[Result "0-1"]
[LiveChessVersion "1.4.8"]
[BlackElo "2540"]
[WhiteElo "2483"]

1. d4 {[%clk 1:30:38]} d6 {[%clk 1:30:12]} 2. Nf3 {[%clk 1:30:44]} g6
{[%clk 1:30:37]} 3. g3 {[%clk 1:30:49]} Bg7 {[%clk 1:30:28]} 4. Bg2
{[%clk 1:31:10]} Nf6 {[%clk 1:30:54]} 5. O-O {[%clk 1:31:24]} O-O
{[%clk 1:31:17]} 6. b3 {[%clk 1:30:25]} a5 {[%clk 1:26:48]} 7. c4
{[%clk 1:26:29]} c6 {[%clk 1:26:45]} 8. Nc3 {[%clk 1:23:28]} Na6 {[%clk 1:26:25]}
9. Bb2 {[%clk 1:19:32]} Rb8 {[%clk 1:26:15]} 10. Rc1 {[%clk 1:01:54]} Bg4
{[%clk 1:16:22]} 11. h3 {[%clk 0:57:29]} Bxf3 {[%clk 1:14:25]} 12. Bxf3
{[%clk 0:57:44]} e5 {[%clk 1:14:29]} 13. e3 {[%clk 0:54:59]} Re8 {[%clk 1:13:02]}
14. dxe5 {[%clk 0:34:07]} dxe5 {[%clk 1:13:01]} 15. Qxd8 {[%clk 0:32:55]} Rbxd8
{[%clk 1:13:14]} 16. Rcd1 {[%clk 0:30:38]} e4 {[%clk 1:02:58]} 17. Rxd8
{[%clk 0:18:15]} Rxd8 {[%clk 1:03:22]} 18. Rd1 {[%clk 0:17:41]} Rxd1+
{[%clk 1:03:06]} 19. Bxd1 {[%clk 0:18:10]} Nd7 {[%clk 1:03:24]} 20. a3
{[%clk 0:13:28]} Nac5 {[%clk 0:58:41]} 21. Bc2 {[%clk 0:09:18]} f5
{[%clk 0:54:41]} 22. Kf1 {[%clk 0:09:22]} Ne5 {[%clk 0:52:21]} 23. Na2
{[%clk 0:03:48]} a4 {[%clk 0:44:04]} 24. Bxe5 {[%clk 0:03:24]} axb3
{[%clk 0:44:05]} 25. Bxg7 {[%clk 0:02:31]} Kxg7 {[%clk 0:44:29]} 26. Nb4
{[%clk 0:00:44]} bxc2 {[%clk 0:44:32]} 27. Nxc2 {[%clk 0:01:13]} Nb3
{[%clk 0:44:23]} 28. Ke2 {[%clk 0:01:02]} Na5 {[%clk 0:44:38]} 29. Kd2
{[%clk 0:01:00]} Nxc4+ {[%clk 0:44:46]} 30. Kc3 {[%clk 0:01:29]} Ne5
{[%clk 0:44:49]} 31. Nd4 {[%clk 0:00:32]} Kf6 {[%clk 0:45:01]} 32. a4
{[%clk 0:00:39]} Ke7 {[%clk 0:43:40]} 33. Nb3 {[%clk 0:00:34]} Kd6
{[%clk 0:43:22]} 34. Kd4 {[%clk 0:00:44]} b6 {[%clk 0:40:57]} 35. a5
{[%clk 0:01:01]} c5+ {[%clk 0:41:04]} 36. Kc3 {[%clk 0:01:28]} bxa5
{[%clk 0:40:27]} 37. Nxa5 {[%clk 0:01:52]} Kd5 {[%clk 0:40:46]} 38. Nb3
{[%clk 0:00:54]} Nd3 {[%clk 0:41:07]} 39. Nd2 {[%clk 0:00:42]} Nxf2
{[%clk 0:41:24]} 0-1

[Event "World Chess Olympiad 2018"]
[Site "Batumi"]
[Date "2018.10.01"]
[Round "7"]
[Board "1"]
[WhiteFideId "9400346"]
[White "Al Qudaimi Basheer"]
[BlackFideId "2500914"]
[Black "Baburin Alexander"]
[Result "1/2-1/2"]
[LiveChessVersion "1.4.8"]
[BlackElo "2452"]
[WhiteElo "2419"]

1. e4 {[%clk 1:30:58]} Nf6 {[%clk 1:30:53]} 2. e5 {[%clk 1:30:33]} Nd5
{[%clk 1:31:16]} 3. d4 {[%clk 1:30:47]} d6 {[%clk 1:31:39]} 4. Nf3
{[%clk 1:30:39]} Bg4 {[%clk 1:27:55]} 5. Be2 {[%clk 1:30:43]} e6 {[%clk 1:28:17]}
6. c4 {[%clk 1:28:12]} Nb6 {[%clk 1:28:10]} 7. exd6 {[%clk 1:27:50]} cxd6
{[%clk 1:28:29]} 8. O-O {[%clk 1:27:37]} Be7 {[%clk 1:27:50]} 9. a4
{[%clk 1:27:17]} O-O {[%clk 1:09:34]} 10. b3 {[%clk 1:15:27]} Nc6
{[%clk 1:03:10]} 11. Bb2 {[%clk 1:12:32]} d5 {[%clk 0:57:47]} 12. c5
{[%clk 1:08:36]} Bxf3 {[%clk 0:53:43]} 13. Bxf3 {[%clk 1:08:44]} Nd7
{[%clk 0:44:46]} 14. Bc3 {[%clk 1:03:50]} a5 {[%clk 0:33:47]} 15. Na3
{[%clk 0:56:29]} b6 {[%clk 0:33:04]} 16. cxb6 {[%clk 0:56:22]} Qxb6
{[%clk 0:32:09]} 17. Nb5 {[%clk 0:56:33]} Nf6 {[%clk 0:29:41]} 18. Qd2
{[%clk 0:53:45]} Rfc8 {[%clk 0:29:12]} 19. Rfc1 {[%clk 0:50:54]} h6
{[%clk 0:26:21]} 20. g3 {[%clk 0:50:00]} Ne8 {[%clk 0:24:44]} 21. Be2
{[%clk 0:48:11]} Nc7 {[%clk 0:14:55]} 22. Kg2 {[%clk 0:42:27]} Bg5
{[%clk 0:09:46]} 23. f4 {[%clk 0:42:48]} Bf6 {[%clk 0:10:13]} 24. Rd1
{[%clk 0:42:19]} Nxb5 {[%clk 0:08:34]} 25. axb5 {[%clk 0:35:24]} Nb4
{[%clk 0:08:55]} 26. Bxb4 {[%clk 0:23:56]} axb4 {[%clk 0:09:16]} 27. Rxa8
{[%clk 0:23:50]} Rxa8 {[%clk 0:09:41]} 28. Qxb4 {[%clk 0:24:04]} Rc8
{[%clk 0:10:00]} 29. Qd2 {[%clk 0:19:53]} g6 {[%clk 0:09:54]} 30. h4
{[%clk 0:20:05]} h5 {[%clk 0:09:58]} 31. Kf3 {[%clk 0:18:31]} Kg7
{[%clk 0:10:15]} 32. Qb2 {[%clk 0:17:39]} Qa7 1/2-1/2

[Event "World Chess Olympiad 2018"]
[Site "Batumi"]
[Date "2018.10.01"]
[Round "7"]
[Board "2"]
[WhiteFideId "2501430"]
[White "Astaneh Lopez Alex"]
[BlackFideId "9400249"]
[Black "Al-Zendani Zendan"]
[Result "1/2-1/2"]
[LiveChessVersion "1.4.8"]
[BlackElo "2301"]
[WhiteElo "2433"]

1. Nf3 {[%clk 1:30:56]} Nf6 {[%clk 1:30:48]} 2. d4 {[%clk 1:31:22]} e6
{[%clk 1:31:13]} 3. c4 {[%clk 1:31:20]} b6 {[%clk 1:30:24]} 4. Bf4
{[%clk 1:31:00]} Bb4+ {[%clk 1:26:38]} 5. Nbd2 {[%clk 1:30:24]} Bb7
{[%clk 1:22:12]} 6. a3 {[%clk 1:29:31]} Bd6 {[%clk 1:19:55]} 7. Bg3
{[%clk 1:22:05]} Ne4 {[%clk 1:09:49]} 8. Nxe4 {[%clk 1:19:26]} Bxe4
{[%clk 1:10:14]} 9. Nd2 {[%clk 1:13:37]} Bb7 {[%clk 1:01:44]} 10. e4
{[%clk 1:11:20]} Bxg3 {[%clk 0:55:58]} 11. hxg3 {[%clk 1:11:44]} Nc6
{[%clk 0:56:20]} 12. Nf3 {[%clk 1:10:54]} Qe7 {[%clk 0:56:29]} 13. Qc2
{[%clk 1:09:08]} e5 {[%clk 0:48:22]} 14. d5 {[%clk 1:09:18]} Nb8 {[%clk 0:48:04]}
15. Rc1 {[%clk 1:04:42]} c5 {[%clk 0:45:30]} 16. Qc3 {[%clk 0:56:32]} d6
{[%clk 0:45:40]} 17. b4 {[%clk 0:56:56]} Nd7 {[%clk 0:44:40]} 18. b5
{[%clk 0:57:05]} a6 {[%clk 0:43:22]} 19. bxa6 {[%clk 0:57:27]} Rxa6
{[%clk 0:43:33]} 20. Bd3 {[%clk 0:57:03]} O-O {[%clk 0:43:53]} 21. Nh4
{[%clk 0:47:51]} g6 {[%clk 0:40:44]} 22. Qd2 {[%clk 0:46:43]} Rfa8
{[%clk 0:38:14]} 23. Rc3 {[%clk 0:43:41]} Rxa3 {[%clk 0:37:52]} 24. Rxa3
{[%clk 0:44:06]} Rxa3 {[%clk 0:38:18]} 25. O-O {[%clk 0:43:58]} Ba6
{[%clk 0:33:30]} 26. Rb1 {[%clk 0:43:33]} Ra4 {[%clk 0:27:59]} 27. Qc2
{[%clk 0:42:55]} Ra3 {[%clk 0:28:12]} 28. Nf3 {[%clk 0:37:30]} Qd8
{[%clk 0:26:11]} 29. Be2 {[%clk 0:36:05]} Kg7 {[%clk 0:25:43]} 30. Qb2
{[%clk 0:35:00]} Ra5 {[%clk 0:19:07]} 31. Nd2 {[%clk 0:31:27]} Bc8
{[%clk 0:09:37]} 32. Bg4 {[%clk 0:31:05]} Nf6 {[%clk 0:09:14]} 33. Bxc8
{[%clk 0:27:17]} Qxc8 {[%clk 0:09:37]} 34. Qxb6 {[%clk 0:26:41]} Ra2
{[%clk 0:09:23]} 35. Nf3 {[%clk 0:19:59]} Nxe4 {[%clk 0:08:30]} 36. Re1
{[%clk 0:20:17]} Nxf2 {[%clk 0:06:58]} 37. Qxd6 {[%clk 0:20:26]} Nd3
{[%clk 0:07:17]} 38. Rf1 {[%clk 0:20:30]} Qg4 {[%clk 0:06:28]} 39. Kh2
{[%clk 0:17:49]} Re2 {[%clk 0:03:09]} 40. Ng1 {[%clk 0:45:12]} Qh5+
{[%clk 0:31:32]} 41. Nh3 {[%clk 0:45:38]} Nf2 {[%clk 0:20:16]} 42. Qe7
{[%clk 0:43:27]} Ng4+ {[%clk 0:11:05]} 43. Kg1 {[%clk 0:43:18]} Rxg2+
{[%clk 0:11:01]} 44. Kxg2 {[%clk 0:43:45]} Ne3+ {[%clk 0:11:27]} 45. Kg1
{[%clk 0:44:08]} Nxf1 {[%clk 0:11:52]} 46. Ng5 {[%clk 0:44:34]} Qh2+
{[%clk 0:05:56]} 47. Kxf1 {[%clk 0:44:59]} Qh1+ {[%clk 0:05:52]} 48. Kf2
{[%clk 0:45:25]} Qh2+ {[%clk 0:06:13]} 49. Kf3 {[%clk 0:44:33]} Qh1+
{[%clk 0:05:55]} 50. Ke2 {[%clk 0:44:39]} Qg2+ {[%clk 0:06:07]} 51. Kd1
{[%clk 0:45:05]} Qf1+ {[%clk 0:05:56]} 52. Kd2 {[%clk 0:45:31]} Qf2+
{[%clk 0:06:02]} 53. Kd1 {[%clk 0:45:19]} Qf1+ {[%clk 0:06:27]} 54. Kd2
{[%clk 0:45:45]} Qf2+ {[%clk 0:06:53]} 55. Kd1 1/2-1/2

[Event "World Chess Olympiad 2018"]
[Site "Batumi"]
[Date "2018.10.01"]
[Round "7"]
[Board "3"]
[WhiteFideId "9400176"]
[White "Al Badani Abdu"]
[BlackFideId "628859"]
[Black "Jessel Stephen"]
[Result "0-1"]
[LiveChessVersion "1.4.8"]
[BlackElo "2317"]
[WhiteElo "2195"]

1. e4 {[%clk 1:30:58]} e6 {[%clk 1:30:51]} 2. d4 {[%clk 1:30:41]} d5
{[%clk 1:31:13]} 3. Nd2 {[%clk 1:30:54]} h6 {[%clk 1:31:08]} 4. Ngf3
{[%clk 1:29:55]} Nf6 {[%clk 1:31:11]} 5. exd5 {[%clk 1:26:07]} exd5
{[%clk 1:31:08]} 6. Be2 {[%clk 1:23:55]} c6 {[%clk 1:27:33]} 7. O-O
{[%clk 1:20:22]} Bd6 {[%clk 1:26:15]} 8. c4 {[%clk 1:08:15]} O-O {[%clk 1:22:08]}
9. b3 {[%clk 1:08:38]} Bf5 {[%clk 1:21:18]} 10. Bb2 {[%clk 1:06:31]} Re8
{[%clk 1:19:33]} 11. Re1 {[%clk 1:01:59]} Nbd7 {[%clk 1:18:01]} 12. a3
{[%clk 0:59:09]} a6 {[%clk 1:14:28]} 13. Nf1 {[%clk 0:57:53]} Qc7
{[%clk 1:11:10]} 14. Ng3 {[%clk 0:57:03]} Bh7 {[%clk 1:01:58]} 15. Bd3
{[%clk 0:52:31]} Rxe1+ {[%clk 0:56:30]} 16. Nxe1 {[%clk 0:50:07]} Re8
{[%clk 0:54:03]} 17. Bxh7+ {[%clk 0:46:55]} Kxh7 {[%clk 0:52:21]} 18. Qf3
{[%clk 0:43:03]} Nf8 {[%clk 0:43:16]} 19. Nd3 {[%clk 0:40:55]} Ne6
{[%clk 0:35:04]} 20. c5 {[%clk 0:37:30]} Bxg3 {[%clk 0:28:40]} 21. fxg3
{[%clk 0:36:30]} Ne4 {[%clk 0:27:09]} 22. Rf1 {[%clk 0:27:28]} Kg8
{[%clk 0:20:32]} 23. Ne5 {[%clk 0:23:41]} f6 {[%clk 0:20:13]} 24. Qh5
{[%clk 0:24:01]} Qe7 {[%clk 0:18:53]} 25. Ng6 {[%clk 0:20:16]} Qf7
{[%clk 0:18:41]} 26. Qg4 {[%clk 0:20:09]} N6g5 {[%clk 0:16:57]} 27. Nh4
{[%clk 0:18:58]} Nd2 {[%clk 0:16:03]} 28. Rd1 {[%clk 0:19:20]} Re4
{[%clk 0:11:48]} 29. Qc8+ {[%clk 0:19:19]} Re8 {[%clk 0:12:12]} 30. Qg4
{[%clk 0:19:04]} Nxb3 {[%clk 0:07:22]} 31. Bc3 {[%clk 0:16:21]} Re3
{[%clk 0:04:09]} 32. Qc8+ {[%clk 0:14:44]} Kh7 {[%clk 0:02:05]} 33. Qf5+
{[%clk 0:14:02]} g6 {[%clk 0:02:06]} 34. Qc2 {[%clk 0:14:25]} Ne4
{[%clk 0:02:01]} 35. Bb2 {[%clk 0:13:38]} Qe6 {[%clk 0:00:48]} 36. Rb1
{[%clk 0:07:14]} Nbd2 {[%clk 0:00:56]} 37. Rd1 {[%clk 0:06:36]} Nc4
{[%clk 0:00:37]} 38. Bc1 {[%clk 0:03:04]} Rc3 {[%clk 0:00:51]} 39. Qb1
{[%clk 0:03:09]} Qd7 {[%clk 0:01:00]} 40. Rd3 {[%clk 0:31:48]} Rxd3
{[%clk 0:30:38]} 41. Qxd3 {[%clk 0:32:11]} g5 {[%clk 0:28:51]} 42. Nf3
{[%clk 0:32:24]} Kg7 {[%clk 0:28:51]} 43. Qb3 {[%clk 0:30:54]} Kg6
{[%clk 0:25:36]} 44. g4 {[%clk 0:30:37]} Qc7 {[%clk 0:24:58]} 45. Qb4
{[%clk 0:28:27]} a5 {[%clk 0:24:09]} 46. Qb1 {[%clk 0:25:32]} Kg7
{[%clk 0:19:40]} 47. Qd3 {[%clk 0:23:59]} b6 {[%clk 0:19:05]} 48. cxb6
{[%clk 0:24:13]} Qxb6 {[%clk 0:19:23]} 49. h4 {[%clk 0:24:19]} a4
{[%clk 0:17:55]} 50. hxg5 {[%clk 0:23:59]} hxg5 {[%clk 0:18:19]} 51. Ne1
{[%clk 0:21:00]} Qb3 {[%clk 0:15:15]} 52. Kf1 {[%clk 0:21:19]} Qa2
{[%clk 0:13:17]} 53. Qc2 {[%clk 0:20:39]} Qa1 {[%clk 0:12:46]} 54. Ke2
{[%clk 0:19:49]} Qxd4 {[%clk 0:12:48]} 55. Nd3 {[%clk 0:19:41]} Qg1
{[%clk 0:11:14]} 56. Ne1 {[%clk 0:19:13]} Ng3+ {[%clk 0:10:43]} 57. Kd1
{[%clk 0:19:37]} Qd4+ {[%clk 0:10:41]} 58. Qd3 {[%clk 0:19:57]} Qxg4+
{[%clk 0:10:29]} 59. Kc2 {[%clk 0:19:58]} Ne4 {[%clk 0:10:01]} 60. Bb2
{[%clk 0:19:13]} Nf2 {[%clk 0:07:49]} 61. Qf3 {[%clk 0:17:16]} Nxb2
{[%clk 0:04:21]} 62. Kxb2 {[%clk 0:16:20]} Qd4+ {[%clk 0:04:14]} 63. Kc2
{[%clk 0:15:55]} Ne4 {[%clk 0:03:48]} 64. Qd3 {[%clk 0:15:50]} Qf2+
{[%clk 0:03:53]} 65. Kd1 {[%clk 0:15:55]} Qb2 {[%clk 0:03:13]} 66. Qc2
{[%clk 0:15:40]} Qd4+ {[%clk 0:03:29]} 67. Kc1 {[%clk 0:15:56]} Qg1 68. Qd1 Qf2
0-1

[Event "World Chess Olympiad 2018"]
[Site "Batumi"]
[Date "2018.10.01"]
[Round "7"]
[Board "4"]
[WhiteFideId "2501961"]
[White "Fitzsimons David"]
[BlackFideId "9400338"]
[Black "Al-Aqrabi Saleh"]
[Result "1-0"]
[LiveChessVersion "1.4.8"]
[BlackElo "2158"]
[WhiteElo "2316"]

1. e4 {[%clk 1:30:56]} e6 {[%clk 1:30:47]} 2. d4 {[%clk 1:31:20]} d5
{[%clk 1:31:09]} 3. Nd2 {[%clk 1:31:43]} Nf6 {[%clk 1:29:26]} 4. e5
{[%clk 1:32:05]} Nfd7 {[%clk 1:29:50]} 5. Bd3 {[%clk 1:32:21]} c5
{[%clk 1:30:17]} 6. c3 {[%clk 1:32:38]} Nc6 {[%clk 1:30:33]} 7. Ne2
{[%clk 1:33:02]} Be7 {[%clk 1:30:14]} 8. O-O {[%clk 1:33:07]} Qb6 9. Nf3
{[%clk 1:33:09]} O-O {[%clk 1:29:13]} 10. Nf4 {[%clk 1:32:48]} a6
{[%clk 1:26:51]} 11. Bc2 {[%clk 1:32:08]} Re8 {[%clk 1:25:03]} 12. Qd3
{[%clk 1:24:25]} Nf8 {[%clk 1:20:52]} 13. dxc5 {[%clk 1:23:57]} Qxc5
{[%clk 1:20:51]} 14. Nh5 {[%clk 1:21:11]} Bd7 {[%clk 1:14:53]} 15. Bh6
{[%clk 1:04:03]} Qc4 {[%clk 0:44:57]} 16. Qxc4 {[%clk 1:01:40]} dxc4
{[%clk 0:45:18]} 17. Bxg7 {[%clk 1:02:01]} Ng6 {[%clk 0:43:19]} 18. Rfe1
{[%clk 1:02:03]} Nf4 {[%clk 0:41:36]} 19. Nxf4 {[%clk 1:00:35]} Kxg7
{[%clk 0:42:02]} 20. Re4 {[%clk 1:00:46]} Kh8 {[%clk 0:38:52]} 21. Nh5
{[%clk 0:59:28]} Rg8 {[%clk 0:30:59]} 22. Rf4 {[%clk 0:59:48]} Be8
{[%clk 0:27:37]} 23. Nf6 {[%clk 1:00:05]} Rg7 {[%clk 0:27:26]} 24. Rd1
{[%clk 1:00:21]} b5 {[%clk 0:25:43]} 25. Be4 {[%clk 1:00:41]} 1-0

[Event "World Chess Olympiad 2018"]
[Site "Batumi"]
[Date "2018.10.01"]
[Round "7"]
[Board "2"]
[WhiteFideId "11601388"]
[White "Neiksans Arturs"]
[BlackFideId "3702308"]
[Black "Vazquez Guillermo"]
[Result "0-1"]
[LiveChessVersion "1.4.8"]
[BlackElo "2468"]
[WhiteElo "2566"]

1. Nf3 {[%clk 1:30:58]} d5 {[%clk 1:29:58]} 2. g3 {[%clk 1:31:23]} Nd7
{[%clk 1:29:57]} 3. d4 {[%clk 1:23:36]} b5 {[%clk 1:30:07]} 4. e4
{[%clk 1:17:16]} dxe4 {[%clk 1:30:24]} 5. Ng5 {[%clk 1:17:44]} Bb7
{[%clk 1:26:02]} 6. Bg2 {[%clk 1:14:53]} Ngf6 {[%clk 1:25:13]} 7. Nc3
{[%clk 1:15:11]} e6 {[%clk 1:21:20]} 8. O-O {[%clk 1:09:57]} Be7 {[%clk 1:17:07]}
9. Ncxe4 {[%clk 1:05:09]} Qc8 {[%clk 1:09:49]} 10. Qe2 {[%clk 0:56:00]} Nxe4
{[%clk 1:07:24]} 11. Nxe4 {[%clk 0:56:01]} O-O {[%clk 1:06:09]} 12. Bf4
{[%clk 0:50:38]} Nf6 {[%clk 1:00:34]} 13. Nxf6+ {[%clk 0:42:56]} Bxf6
{[%clk 1:01:00]} 14. Qxb5 {[%clk 0:43:15]} Bxg2 {[%clk 0:59:50]} 15. Kxg2
{[%clk 0:43:41]} Rb8 {[%clk 0:59:55]} 16. Qc5 {[%clk 0:35:07]} Rxb2
{[%clk 0:57:21]} 17. Qxa7 {[%clk 0:24:58]} c5 {[%clk 0:45:35]} 18. Rab1
{[%clk 0:25:08]} Rxc2 {[%clk 0:35:04]} 19. dxc5 {[%clk 0:25:08]} Bd4
{[%clk 0:35:04]} 20. Rb8 {[%clk 0:09:54]} Qc6+ {[%clk 0:33:30]} 21. Kg1
{[%clk 0:10:20]} Bxc5 {[%clk 0:32:10]} 22. Rxf8+ {[%clk 0:08:57]} Bxf8
{[%clk 0:31:52]} 23. Be3 {[%clk 0:06:28]} h5 {[%clk 0:30:51]} 24. h4
{[%clk 0:06:39]} Bd6 {[%clk 0:25:34]} 25. Qa5 {[%clk 0:04:00]} Bxg3
{[%clk 0:23:02]} 26. Qd8+ {[%clk 0:04:23]} Kh7 {[%clk 0:23:26]} 27. Qg5
{[%clk 0:04:49]} Bc7 {[%clk 0:22:42]} 28. Bd4 {[%clk 0:03:57]} e5
{[%clk 0:18:18]} 29. Bxe5 {[%clk 0:03:51]} g6 {[%clk 0:14:35]} 30. Bxc7
{[%clk 0:01:31]} Qxc7 {[%clk 0:15:03]} 31. Qg3 {[%clk 0:01:56]} Qa7
{[%clk 0:13:01]} 32. Kh1 {[%clk 0:00:37]} Qxa2 {[%clk 0:12:24]} 33. Qf3
{[%clk 0:00:40]} Qe6 {[%clk 0:11:13]} 34. Qg3 {[%clk 0:00:36]} Rb2
{[%clk 0:09:25]} 35. f3 {[%clk 0:00:36]} Qe2 {[%clk 0:08:19]} 36. Kg1
{[%clk 0:01:03]} Qe3+ {[%clk 0:05:56]} 37. Kh1 {[%clk 0:01:29]} Rb4
{[%clk 0:06:15]} 38. Kg2 {[%clk 0:01:37]} Qe7 {[%clk 0:05:10]} 39. Kh3
{[%clk 0:00:59]} Rb2 {[%clk 0:03:39]} 40. Rf2 {[%clk 0:31:17]} Rb1
{[%clk 0:34:00]} 41. Kg2 {[%clk 0:24:18]} Qe1 {[%clk 0:30:59]} 42. Kh3
{[%clk 0:24:44]} Qh1+ {[%clk 0:27:40]} 43. Qh2 {[%clk 0:25:03]} Qc1
{[%clk 0:27:39]} 44. Qg3 {[%clk 0:25:24]} Ra1 {[%clk 0:27:14]} 45. Qh2
{[%clk 0:22:12]} Qe3 {[%clk 0:26:01]} 46. Qc7 {[%clk 0:18:54]} Kg7
{[%clk 0:25:59]} 47. Kg2 {[%clk 0:18:38]} Qe1 {[%clk 0:25:38]} 48. Kh3
{[%clk 0:08:58]} Qxf2 {[%clk 0:25:56]} 49. Qe5+ {[%clk 0:09:24]} Kh7
{[%clk 0:26:13]} 50. Qxa1 {[%clk 0:09:50]} Qxf3+ {[%clk 0:26:39]} 51. Kh2
{[%clk 0:10:18]} Qf4+ {[%clk 0:27:02]} 52. Kg2 {[%clk 0:10:44]} Qxh4
{[%clk 0:27:11]} 53. Qa7 {[%clk 0:10:50]} Qg5+ {[%clk 0:27:18]} 54. Kh2
{[%clk 0:11:12]} Qf4+ {[%clk 0:27:41]} 55. Kg2 {[%clk 0:11:34]} h4
{[%clk 0:28:04]} 56. Qb7 {[%clk 0:11:42]} g5 {[%clk 0:28:11]} 57. Qb1+
{[%clk 0:11:53]} Kh6 {[%clk 0:28:29]} 58. Qa1 {[%clk 0:12:02]} Kh5
{[%clk 0:28:33]} 59. Qb1 {[%clk 0:12:12]} Qg3+ {[%clk 0:27:51]} 60. Kh1
{[%clk 0:12:36]} Qf3+ {[%clk 0:28:16]} 61. Kh2 {[%clk 0:12:42]} h3
{[%clk 0:28:14]} 62. Qh7+ {[%clk 0:12:06]} Kg4 {[%clk 0:28:41]} 0-1

[Event "World Chess Olympiad 2018"]
[Site "Batumi"]
[Date "2018.10.01"]
[Round "7"]
[Board "3"]
[WhiteFideId "3701166"]
[White "Almiron Antonio"]
[BlackFideId "11602740"]
[Black "Meshkovs Nikita"]
[Result "1-0"]
[LiveChessVersion "1.4.8"]
[BlackElo "2535"]
[WhiteElo "2358"]

1. d4 {[%clk 1:30:56]} Nf6 {[%clk 1:30:55]} 2. c4 {[%clk 1:31:22]} e6
{[%clk 1:31:19]} 3. Nf3 {[%clk 1:31:48]} d5 {[%clk 1:31:44]} 4. g3
{[%clk 1:32:14]} Bb4+ {[%clk 1:32:08]} 5. Bd2 {[%clk 1:32:39]} Bd6
{[%clk 1:32:32]} 6. Nc3 {[%clk 1:32:33]} Nbd7 {[%clk 1:26:13]} 7. cxd5
{[%clk 1:23:01]} exd5 {[%clk 1:20:20]} 8. Nb5 {[%clk 1:23:07]} Be7
{[%clk 1:16:25]} 9. Bf4 {[%clk 1:23:12]} Bb4+ {[%clk 1:16:47]} 10. Bd2
{[%clk 1:23:01]} Bxd2+ {[%clk 1:16:18]} 11. Qxd2 {[%clk 1:20:49]} a6
{[%clk 1:14:03]} 12. Nc3 {[%clk 1:19:40]} O-O {[%clk 1:13:30]} 13. Bg2
{[%clk 1:20:09]} Re8 {[%clk 1:12:30]} 14. O-O {[%clk 1:20:26]} Ne4
{[%clk 1:11:12]} 15. Qc2 {[%clk 1:19:16]} Nb6 {[%clk 0:57:21]} 16. e3
{[%clk 1:18:37]} Nd6 {[%clk 0:50:56]} 17. Rac1 {[%clk 1:09:27]} c6
{[%clk 0:47:35]} 18. b3 {[%clk 1:07:50]} a5 {[%clk 0:47:42]} 19. a4
{[%clk 1:07:54]} Bf5 {[%clk 0:47:33]} 20. Qd1 {[%clk 1:08:05]} Nd7
{[%clk 0:46:33]} 21. Nh4 {[%clk 1:06:12]} Be6 {[%clk 0:43:32]} 22. Re1
{[%clk 1:06:38]} f5 {[%clk 0:38:05]} 23. Bf1 {[%clk 1:06:08]} Bf7
{[%clk 0:35:38]} 24. Bd3 {[%clk 1:05:09]} Qf6 {[%clk 0:36:01]} 25. Qc2
{[%clk 1:03:14]} g6 {[%clk 0:23:29]} 26. f4 {[%clk 0:59:31]} Rac8
{[%clk 0:20:29]} 27. Nf3 {[%clk 0:48:10]} Ne4 {[%clk 0:17:44]} 28. Ne5
{[%clk 0:45:16]} Nxe5 {[%clk 0:17:32]} 29. fxe5 {[%clk 0:45:39]} Qg5
{[%clk 0:16:37]} 30. Nxe4 {[%clk 0:32:58]} fxe4 {[%clk 0:16:54]} 31. Bf1
{[%clk 0:33:28]} Be6 {[%clk 0:17:16]} 32. Qd2 {[%clk 0:33:25]} h5
{[%clk 0:17:40]} 33. Bg2 {[%clk 0:33:35]} h4 {[%clk 0:15:23]} 34. gxh4
{[%clk 0:33:40]} Qxh4 {[%clk 0:15:47]} 35. Rf1 {[%clk 0:30:50]} Rf8
{[%clk 0:08:37]} 36. Qxa5 {[%clk 0:30:48]} Qg5 {[%clk 0:09:01]} 37. Qd2
{[%clk 0:30:54]} Rf3 {[%clk 0:09:00]} 38. Kh1 {[%clk 0:20:43]} Qxe3
{[%clk 0:07:51]} 39. Qb4 {[%clk 0:20:20]} Bg4 {[%clk 0:04:11]} 40. Qxb7
{[%clk 0:49:15]} Rcf8 {[%clk 0:34:14]} 41. Rfe1 {[%clk 0:48:35]} Qg5
{[%clk 0:18:29]} 42. Qxc6 {[%clk 0:48:38]} Rf2 {[%clk 0:18:54]} 43. Rc2
{[%clk 0:42:48]} Kh8 {[%clk 0:06:00]} 44. Rxf2 {[%clk 0:42:24]} Rxf2
{[%clk 0:03:40]} 45. e6 {[%clk 0:30:06]} Bxe6 {[%clk 0:02:19]} 46. Rg1
{[%clk 0:29:29]} Bg4 {[%clk 0:02:14]} 47. Qe8+ {[%clk 0:28:21]} Kg7
{[%clk 0:02:42]} 48. h3 {[%clk 0:26:35]} Rf8 {[%clk 0:01:07]} 49. Qe5+
{[%clk 0:25:32]} Qxe5 {[%clk 0:01:33]} 50. dxe5 {[%clk 0:26:00]} Be2
{[%clk 0:00:38]} 51. Rc1 {[%clk 0:25:47]} Kf7 {[%clk 0:00:39]} 52. Rc2
{[%clk 0:25:21]} Bd3 {[%clk 0:00:33]} 53. Rf2+ {[%clk 0:25:22]} Ke7
{[%clk 0:01:02]} 54. Rxf8 {[%clk 0:25:42]} Kxf8 {[%clk 0:01:31]} 55. b4
{[%clk 0:25:23]} Ke7 {[%clk 0:00:41]} 56. b5 {[%clk 0:25:15]} Ke6
{[%clk 0:01:15]} 57. b6 {[%clk 0:25:52]} Ba6 {[%clk 0:01:43]} 58. Bf1
{[%clk 0:26:08]} Bc8 {[%clk 0:00:40]} 59. a5 {[%clk 0:26:32]} Kxe5
{[%clk 0:00:38]} 60. a6 {[%clk 0:27:01]} Kd6 {[%clk 0:00:44]} 61. b7
{[%clk 0:25:38]} Bxb7 {[%clk 0:00:51]} 62. axb7 {[%clk 0:26:06]} Kc7
{[%clk 0:01:16]} 63. Ba6 {[%clk 0:26:21]} d4 {[%clk 0:00:33]} 64. Kg2
{[%clk 0:26:42]} d3 {[%clk 0:00:44]} 65. Kf2 {[%clk 0:26:58]} d2 {[%clk 0:00:32]}
66. Ke2 {[%clk 0:27:25]} e3 {[%clk 0:00:51]} 67. h4 {[%clk 0:27:21]} Kb8
{[%clk 0:00:32]} 68. Bd3 {[%clk 0:26:50]} Kxb7 {[%clk 0:00:38]} 69. Bxg6
{[%clk 0:27:19]} 1-0